banner koha

Cambios de volumen, área superficial y factor de forma de Heywood durante la deshidratación de cerezas (Prunus avium) (Registro n. 200833)

MARC details
000 -LÍDER
campo de controle de tamanho fixo 00900nas a2200289 4500
001 - NÚMERO DE CONTROLE
campo de controle BR0810008
003 - IDENTIFICADOR DO NÚMERO DE CONTROLE
campo de controle BR-BrBNA
005 - DATA E HORÁRIO DA ÚLTIMA TRANSAÇÃO
campo de controle 20231205112927.0
007 - CAMPO FIXO DE DESCRIÇÃO FÍSICA--INFORMAÇÃO GERAL
campo de controle de tamanho fixo ta
008 - CAMPO DE DADOS FIXOS--INFORMAÇÃO GERAL
campo de controle de tamanho fixo 230509b bl.|||p| |||| 00| 00por d
040 ## - FONTE DA CATALOGAÇÃO
Instituição da catalogação original BR-BrBNA
Idioma da catalogação por
Instituição que transcreveu o registro Biblioteca Nacional de Agricultura
041 ## - CÓDIGO DE IDIOMA
Código do idioma do texto/trilha sonora ou título diferente (Es)
072 ## - CÓDIGO DE CATEGORIA DE ASSUNTO
Código de Categoria de Assunto F60
100 1# - ENTRADA PRINCIPAL--NOME PESSOAL
Nome pessoal Michelis, A. de
100 1# - ENTRADA PRINCIPAL--NOME PESSOAL
Nome pessoal Pirone, B.N.
100 1# - ENTRADA PRINCIPAL--NOME PESSOAL
Nome pessoal Vullioud, M.B.
100 1# - ENTRADA PRINCIPAL--NOME PESSOAL
Nome pessoal Ochoa, M.R.
100 1# - ENTRADA PRINCIPAL--NOME PESSOAL
Nome pessoal Kesseler, A.G.
100 1# - ENTRADA PRINCIPAL--NOME PESSOAL
Nome pessoal Márquez, C.A.
245 1# - TÍTULO
Título Cambios de volumen, área superficial y factor de forma de Heywood durante la deshidratación de cerezas (Prunus avium)
650 ## - ASSUNTO--TERMO TÓPICO
Cabeçalho tópico ou nome geográfico CEREJA
650 ## - ASSUNTO--TERMO TÓPICO
Cabeçalho tópico ou nome geográfico FISIOLOGIA VEGETAL
650 ## - ASSUNTO--TERMO TÓPICO
Cabeçalho tópico ou nome geográfico VOLUME
773 0# - ENTRADA ANALÍTICA
Título Ciência e Tecnologia de Alimentos (Brazil)
ISSN - International Standard Serial Number ISSN 0101-2061
Partes relacionadas (Apr-Jun 2008), v. 28(2) p. 317-321
Número de controle do registro BR0810008
909 ## -
-- 202311
-- Lúcia
-- 55
-- Lúcia Elande
942 ## - ELEMENTOS DE ENTRADA ADICIONADOS (KOHA)
Fonte da classificação ou esquema de arquivamento na estante Classificação AGRIS
Ocultar no OPAC Não
Tipo de material Koha Analítica
Exemplares
Situação do descarte Fonte da classificação ou esquema de arquivamento na estante Situação física Não pode ser emprestado Biblioteca de origem Biblioteca atual Localização na estante Enumeração do periódico / cronologia Total de empréstimos Data de último acesso Número do exemplar Tipo de material Koha Fonte de aquisição
  Classificação AGRIS   Consulta local Biblioteca Nacional de Agricultura - Binagri Biblioteca Nacional de Agricultura - Binagri   (Apr-Jun 2008), v. 28(2) p. 317-321   29/11/2023 01 Periódicos Portaria Interministerial nº 164/94

BINAGRI

Telefone: (61)3218-2567/2388/3357/2097 - binagri@agro.gov.br

Ministério da Agricultura e Pecuária , Esplanada dos Ministérios, Bloco D, Anexo B, Brasília/DF, CEP: 70.043-900